| 000 | 00495nam a2200193Ia 4500 | ||
|---|---|---|---|
| 008 | 170918s9999 xx 000 0 und d | ||
| 020 | _a9780590437745 | ||
| 050 | _bH164 1990 | ||
| 100 | _aHale, Sarah Josepha | ||
| 245 | _aMary had a little lamb / | ||
| 245 | _cSarah Josepha Hala ; illustrated by Bruce McMillan. | ||
| 260 | _aNew York : | ||
| 260 | _bScholastic, | ||
| 260 | _c1990 | ||
| 300 | _aunpaged : | ||
| 300 | _bcolored illustration ; | ||
| 300 | _c26cm. | ||
| 500 | _a440 | ||
| 999 |
_c341296 _d341296 |
||